000 01289nam a22002177a 4500
003 OSt
005 20210514121143.0
008 111212t xxu||||| |||| 00| 0 eng d
020 _a9780393920772
040 _cLC
050 _aHB172.V34
100 _aVarian, Hal R.
245 _aIntermediate microeconomics: a modern approach. /
_cHal R. Varian
250 _a9th ed.
260 _aNew York:
_bW.W. Norton company,
_c2014.
300 _axxv, 758 + [various pagings] p.:
_bill.
_c24cm.
500 _aIncludes index
505 _aContents: The market -- Budget constraint -- Preferences -- Utility -- Choice -- Demand -- Revealed preference -- Slutsky equation -- Buying and selling -- Intertemporal choice -- Asset markets -- Uncertainty -- Risky Assets -- Consumer's surplus -- Market demand -- Equilibrium -- Measurement -- Auctions -- Technology -- Profit maximization -- Cost minimization -- Cost curves -- Firm supply -- Industry supply -- Monopoly -- Monopoly behavior -- Factor markets -- Oligopoly -- Game theory -- Game applications -- Behavioral economics -- Exchange -- Production -- Welfare -- Externalities -- Law and economics -- Information technology -- Public goods -- Asymmetric information -- Mathematical Appendix.
650 _aMicroeconomics.
942 _2lcc
_cBK
999 _c7587
_d15087